000 00553nam a22002177a 4500
003 UA-OsUOA
001 41235
007 ta
008 20080721b un ||||| |||| 00| 0 ukr d
090 _a050
_bБ98
942 _cMG
040 _aUA-OsUOA
_bukr
_cUA-OsUOA
_dUA-OsUOA
245 _aБюлетень Кредитової Кооперативи Північного Вінніпегу
955 _a4
041 _aukr
080 _a050
260 _aВінніпег
310 _a1968: Ч. 4, жовт.-груд.
650 7 _2UDC
999 _c439737
_d439737